000 00310nam a2200133Ia 4500
008 260604s9999 xx 000 0 und d
020 _a9780143418658
082 _a823.92 MUR
100 _aSudha murty
245 0 _aThe Day I Stopped Drinking Milk
260 _bPenguin
500 _aSudha murty
942 _cBK
999 _c8732
_d8732